00354nam a2200133Ia 4500008004100000020001500041041001200056082001600068100001600084245005700100260003900157300000800196650001600204221030s9999 xx 000 0 und d a0071159975 aEnglish a105.23bHay aJ. P. Hayes 0aComputer Architecture & Organisationcby J. P. Hayes bMcGraw Hill Pub.aNew Delhic1998 a604 aBE Computer